Differential equations and intergral transforms (Record no. 28172)
[ view plain ]
| 000 -LEADER | |
|---|---|
| fixed length control field | 00549nam a22001937a 4500 |
| 003 - CONTROL NUMBER IDENTIFIER | |
| control field | OSt |
| 005 - DATE AND TIME OF LATEST TRANSACTION | |
| control field | 20250129125337.0 |
| 008 - FIXED-LENGTH DATA ELEMENTS--GENERAL INFORMATION | |
| fixed length control field | 250129b |||||||| |||| 00| 0 eng d |
| 020 ## - INTERNATIONAL STANDARD BOOK NUMBER | |
| International Standard Book Number | 9789385915420 |
| 082 ## - DEWEY DECIMAL CLASSIFICATION NUMBER | |
| Classification number | 515.35 |
| Item number | K96D |
| 100 ## - MAIN ENTRY--PERSONAL NAME | |
| Personal name | Kumar, Rakesh |
| 245 ## - TITLE STATEMENT | |
| Title | Differential equations and intergral transforms |
| Statement of responsibility, etc | by Rakesh Kumar and Nagendra Kumar |
| 260 ## - PUBLICATION, DISTRIBUTION, ETC. (IMPRINT) | |
| Place of publication, distribution, etc | New Delhi |
| Name of publisher, distributor, etc | CBS |
| Date of publication, distribution, etc | 2016 |
| 300 ## - PHYSICAL DESCRIPTION | |
| Extent | xii, 548p. |
| Other physical details | Paperback |
| 653 ## - INDEX TERM--UNCONTROLLED | |
| Uncontrolled term | Mathematics |
| 653 ## - INDEX TERM--UNCONTROLLED | |
| Uncontrolled term | Differential equations |
| 700 ## - ADDED ENTRY--PERSONAL NAME | |
| Personal name | Kumar, Nagendra |
| Relator term | Author |
| 942 ## - ADDED ENTRY ELEMENTS (KOHA) | |
| Source of classification or shelving scheme | Dewey Decimal Classification |
| Koha item type | Books |
| Withdrawn status | Lost status | Source of classification or shelving scheme | Damaged status | Not for loan | Collection code | Home library | Current library | Date acquired | Source of acquisition | Total Checkouts | Full call number | Barcode | Date last seen | Date checked out | Price effective from | Koha item type |
|---|---|---|---|---|---|---|---|---|---|---|---|---|---|---|---|---|
| Dewey Decimal Classification | General Text Book | Central University Of Rajasthan | Central University Of Rajasthan | 29/01/2025 | MTH | 5 | 515.35 K96D | 046467 | 08/10/2025 | 25/09/2025 | 29/01/2025 | Books | ||||
| Dewey Decimal Classification | General Text Book | Central University Of Rajasthan | Central University Of Rajasthan | 29/01/2025 | MTH | 12 | 515.35 K96D | 046468 | 16/12/2025 | 08/12/2025 | 29/01/2025 | Books | ||||
| Dewey Decimal Classification | General Text Book | Central University Of Rajasthan | Central University Of Rajasthan | 29/01/2025 | MTH | 515.35 K96D | 046469 | 29/01/2025 | 29/01/2025 | Books | ||||||
| Dewey Decimal Classification | General Text Book | Central University Of Rajasthan | Central University Of Rajasthan | 29/01/2025 | MTH | 515.35 K96D | 046470 | 29/01/2025 | 29/01/2025 | Books | ||||||
| Dewey Decimal Classification | Not For Loan | Reserve Text Book | Central University Of Rajasthan | Central University Of Rajasthan | 29/01/2025 | MTH | 515.35 K96D | 046471 | 29/01/2025 | 29/01/2025 | Books |
